000
00377nam a22001577a 4500
003
MPLRDC
005
20220104124123.0
008
210129b ||||| |||| 00| 0 eng d
082
_a
868.71 BDa
100
_a
碧澄
245
_a
最后一颗榴梿
_c
260
_a
_b
铁山泥出版有限公司
_c
1985
300
_b
平
650
_a
马华文学
942
_c
BK
_o
868.71 BDa
999
_c
16798
_d
16788